书目信息 |
| 题名: |
新求精德语强化教程 初级2
|
|
| 作者: | 王丽明 编著 | |
| 分册: | ||
| 出版信息: | 上海 同济大学出版社 1998.08 |
|
| 页数: | 413页 | |
| 开本: | 16开 | |
| 丛书名: | ||
| 单 册: | ||
| 中图分类: | H33 | |
| 科图分类: | ||
| 主题词: | 德语 | |
| 电子资源: | ||
| ISBN: | 7-5608-1968-0 | |
| 000 | 00555nam0 2200181 45 | |
| 001 | 0009241086 | |
| 005 | 20081029153310.26 | |
| 010 | @a7-5608-1968-0@d43.00元 | |
| 100 | @a20000924d1998 km y0chiy0120 ea | |
| 101 | 0 | @achi |
| 200 | 1 | @a新求精德语强化教程 初级2@AXin Qiu Jing De Yu Qiang Hua Jiao Cheng Chu Ji 2@f王丽明等编著@FWang Li Ming Deng Bian Zhu |
| 210 | @a上海@c同济大学出版社@d1998.08 | |
| 215 | @a413页@d16开 | |
| 606 | 0 | @a德语 |
| 690 | @aH33@v3 | |
| 701 | 0 | @a王丽明@4编著 |
| 801 | @aCN@bPftUser@c20081029 | |
| 905 | @dH33@eW531:1:2@b152319-320@f2 | |
| 新求精德语强化教程 初级2/王丽明等编著.-上海:同济大学出版社,1998.08 |
| 413页;16开 |
| ISBN 7-5608-1968-0:43.00元 |
| ● |
| 相关链接 |
|
|
|
正题名:新求精德语强化教程 初级2
索取号:H33/W531:1:2
 
预约/预借
| 序号 | 登录号 | 条形码 | 馆藏地/架位号 | 状态 | 备注 |
| 1 | 152319 | 201523191 | 语言库209/209语言库 118排1列4层/ [索取号:H33/W531:1:2] | 在馆 | |
| 2 | 152320 | 201523208 | 语言库209/209语言库 118排1列4层/ [索取号:H33/W531:1:2] | 在馆 | |
| 3 | 460395 | 204603955 | 语言库209/209语言库 118排1列4层/ [索取号:H33/W531:1:2] | 在馆 |